Marcus and Martinus "Hei" album - Statistics

General Stats
  • This quiz has been taken 3 times
  • The average score is 12 of 14
Answer Stats
Hint Answer % Correct
2 Ei som deg
100%
8 Ekko
100%
1 Elektrisk
100%
9 Gæærn
100%
6 Hei
100%
10 Leah
100%
4 Plystre på deg
100%
7 Slalom
100%
12 Smil
100%
13 To dråper vann
100%
5 Blikkstille
67%
11 Du
67%
3 Na na na
67%
14 Alt jeg ønsker meg
33%
No matching quizzes found
Score Distribution
Percent of People with Each Score
Percentile by Number Answered
Your Score History
You have not taken this quiz